Countries of the Balkan region - Statistics

General Stats
  • This quiz has been taken 25 times
  • The average score is 10 of 11
Answer Stats
Answer % Correct
Greece
100%
Montenegro
100%
Serbia
100%
Bulgaria
94%
North Macedonia
94%
Romania
94%
Albania
88%
Bosnia and herzegovina
88%
Croatia
81%
Kosovo
81%
Moldova
81%
No matching quizzes found
Score Distribution
Percent of People with Each Score
Percentile by Number Answered
Your Score History
You have not taken this quiz